Szczegóły MARC21

Makroökonomik : mit Übungsaufgaben und Lösungen /

005 -DATA I CZAS OSTATNIEJ MODYFIKACJI [,]
    • @
    • pole kontrolne
    • 20070315155141.9
020 -Międzynarod. znormalizowany nr książki - ISBN [ , ]
    • a
    • Numer ISBN
    • 3927250333 Find
040 -Instytucja sporządzająca opis [ , ]
    • a
    • Instytucja, która sporządziła opis (NP)
    • SZCZ U
    • c
    • Instytucja, która sporządziła rekord (NP)
    • SZCZ U
041 -Język dokumentu [0, ]
    • a
    • Język tekstu (P)
    • niemiecki
    • h
    • Język tekstu oryginalnego i/lub pośredniego (P)
    • niemiecki
942 -Rodzaj dokumentu [ , ]
    • c
    • Rodzaj dokumentu
    • Książka
100 -Hasło główne - nazwa osobowa [ , ]
    • a
    • Nazwa osobowa (NP)
    • OTTE MAX
245 -Strefa tytułu i oznaczenia odpowiedzialności [1, ]
    • a
    • Tytuł
    • Makroökonomik : Find
    • b
    • Ciąg dalszy tytułu (NP)
    • mit Übungsaufgaben und Lösungen / Find
    • c
    • Pozostałe elementy strefy tytułu i oznaczenia odpowiedzialności (NP)
    • [Max Otte; unter Mitarb.von Nikolaus Rollwage].
250 -Strefa wydania [ , ]
    • a
    • Oznaczenie wydania (NP)
    • 3., erw. Aufl.
260 -Strefa adresu wydawniczego [ , ]
    • a
    • Miejsce wydania (P)
    • Köln :
    • b
    • Nazwa wydawcy (P)
    • WRW Verl.,
    • c
    • Data wydania (P)
    • 1994.
300 -Strefa opisu fizycznego [ , ]
    • a
    • Określenie formy książki i/lub objętość (NP)
    • 67 s. :
    • b
    • Oznaczenie ilustracji (NP)
    • rys. :
    • c
    • Format (NP)
    • 21 cm.
490 -Strefa serii i książki wielotomowej - forma nie do wyszukiwania [0, ]
    • a
    • Tytuł (P)
    • (WRW Service-Reihe) Find
500 -Uwaga ogólna [ , ]
    • a
    • Uwaga ogólna (NP)
    • Nazwa aut.,rok i miejsce wyd. na podstawie Die Deutsche Bibl. - CIP
080 -Uniwersalna Klasyfikacja Dziesiętna [ , ]
    • a
    • Symbol klasyfikacji
    • 330.101.541=30
980 -Symbol UKD [ , ]
    • a
    • UKD
    • 330.101.541=30
700 -Hasło dodatkowe - nazwa osobowa [ , ]
    • a
    • Nazwa osobowa (NP)
    • Rollwage Nikolaus Find
920 -ISBN [ , ]
    • a
    • ISBN
    • 3-927250-33-3 Find
Lokalizacja Data inwentaryzacji Status udost. Sygnatura Numer inwentarzowy
BE1997-11-14-2FUNDACJA POLSKO-NIEMIECKAE.64944
BE1997-11-17-2FUNDACJA POLSKO-NIEMIECKAS.81327